Guinée, Guinée Bissau ou Guinée équatoriale ? - Statistiques

Statistiques générales
  • Ce quiz a été pris 18 fois
  • Le résultat moyen est 24 sur 60
Statistiques - réponses
Hint Réponse % Correct
C'était autrefois la Guinée espagnole GUINEE EQUATORIALE
94%
Sa capitale est Malabo GUINEE EQUATORIALE
76%
Sa fête nationale est le 2 octobre GUINEE
65%
Elle est notamment limitrophe du Sierra Leone GUINEE
65%
Sa capitale est Conakry GUINEE
65%
Sa capitale est Bissau GUINEE BISSAU
65%
Elle est notamment limitrophe du Gabon GUINEE EQUATORIALE
65%
La polygamie y est très répandue même si officiellement interdite GUINEE
59%
Ahmed Sekou Touré en a été le président de 1958 à 1984 GUINEE
59%
80 à 85 % des habitants sont musulmans GUINEE
59%
La langue officielle est le français GUINEE
59%
Son domaine internet est gw GUINEE BISSAU
59%
Les Portugais y sont arrivés en 1447 GUINEE BISSAU
59%
La langue officielle est le portugais GUINEE BISSAU
59%
61,6 % de la population a moins de 25 ans GUINEE
53%
C'était autrefois une partie de l'Afrique Occidentale Française GUINEE
53%
C'est le seul pays à avoir refusé l'intégration à la Communauté française en 1958 GUINEE
53%
En 2021, elle compte environ 13,9 M d'habitants GUINEE
53%
Sa monnaie est le franc guinéen GUINEE
53%
C'était autrefois la Guinée portugaise GUINEE BISSAU
53%
Teodoro Obiang Nguema est chef de l'état depuis 1979 GUINEE EQUATORIALE
53%
La 1ère langue officielle est l'espagnol GUINEE EQUATORIALE
53%
Le massif de Fouta-Djalon s'y trouve GUINEE
47%
Le premier président a été Joao Bernardo Vieira GUINEE BISSAU
47%
Les hydrocarbures représentant 97 % des exportations GUINEE EQUATORIALE
47%
Le Niger, le Sénégal et la Gambie y prennent leur source GUINEE
41%
Son point culminant est à 1752 mètres GUINEE
41%
Son domaine internet est gn GUINEE
41%
En 2020, elle compte environ 1,9 M d'habitants GUINEE BISSAU
41%
Le pays ne possède pas de chemin de fer GUINEE EQUATORIALE
41%
Le taux de fécondité est de 4.82 enfants par femme GUINEE
35%
L'espérance de vie moyenne est de 62,6 ans GUINEE
35%
C'est le pays qui possède les plus grandes réserves de bauxite GUINEE
35%
Sa monnaie est le Franc CFA de l'Union Economique et Monétaire Ouest-africaine GUINEE BISSAU
35%
L'exportation de noix de cajou représente 60 % des revenus du pays GUINEE BISSAU
35%
Le rio Geba y coule GUINEE BISSAU
35%
Les îles de Bioko et d'Annobon lui appartiennent GUINEE EQUATORIALE
35%
Son domaine internet est gq GUINEE EQUATORIALE
35%
93 % des habitants sont chrétiens GUINEE EQUATORIALE
29%
40.8 % de la population a moins de 15 ans GUINEE BISSAU
24%
L'espérance de vie moyenne est de 47,9 ans GUINEE BISSAU
24%
Le pays est indépendant depuis 1973 GUINEE BISSAU
24%
Elle a connu une guerre civile en 1999 GUINEE BISSAU
24%
Le taux de fécondité est de 4.6 enfants par femme GUINEE EQUATORIALE
24%
La plus grande ville est Bata GUINEE EQUATORIALE
24%
En 2020, elle compte environ 1,4 M d'habitants GUINEE EQUATORIALE
24%
La fête nationale a lieu le 12 octobre GUINEE EQUATORIALE
24%
Sa monnaie est le Franc CFA de la Communauté Economique et Monétaire de l'Afrique Centrale GUINEE EQUATORIALE
24%
Le taux de fécondité est de 4.58 enfants par femme GUINEE BISSAU
18%
Elle est notamment limitrophe du Sénégal GUINEE BISSAU
18%
40 à 50 % des habitants sont musulmans GUINEE BISSAU
18%
C'est le 133e pays en terme de superficie GUINEE BISSAU
18%
L'espérance de vie moyenne est de 58,2 ans GUINEE EQUATORIALE
18%
Les Britanniques ont occupé une partie du territoire de 1827 à 1846 GUINEE EQUATORIALE
18%
Son point culminant est à 3007 mètres GUINEE EQUATORIALE
18%
Le parc national de Pico Basilé s'y trouve GUINEE EQUATORIALE
18%
Son point culminant est à 300 mètres GUINEE BISSAU
12%
Les premiers occupants européens ont été les Portugais GUINEE
6%
La fête nationale a lieu le 24 septembre GUINEE BISSAU
6%
L'enseignement du français est obligatoire dans l'enseignement secondaire GUINEE EQUATORIALE
6%
Aucun quiz correspondant
Distribution des résultats
% des personnes avec chaque résultat
Percentile par nombre de réponses
Votre historique - résultats
Vous n’avez pas pris ce quiz